000 00188 a2200097 4500
020 _a9781416524588
041 _aeng
100 _aMedlicott, Joan
245 _aPromise of change
942 _cBK
999 _c8394
_d8394